| 000 | 00752cab a2200241 4500 | ||
|---|---|---|---|
| 001 | ABS60219 | ||
| 008 | 090401t1999 xxu||||| |||| 00| 0 eng d | ||
| 035 | _a(Sirsi) u91552 | ||
| 041 | _aeng | ||
| 100 | _aStevens, P. | ||
| 245 | _aPlanning ahead | ||
| 260 | _c1999 | ||
| 350 | _a0 | ||
| 490 |
_aLeisure Management _v20(2) February 1999, 27(1) |
||
| 520 | _aProvision of a safe and reliable public transport system will be a key feature in the success of future planning proposals for leisure schemes. (taken from journal headnote.) | ||
| 650 | _aLEISURE COMPANIES | ||
| 650 | _aLEISURE INDUSTRY | ||
| 650 | _aPLANNING PROCESS | ||
| 650 | _aPUBLIC TRANSPORT | ||
| 690 | _aPLANNING LAW AND PRACTICE | ||
| 942 | _n0 | ||
| 948 | _c24/02/1999 | ||
| 999 |
_c58127 _d58127 |
||